If U.S. State Flags Were... Slightly More Ridiculous - Statistics

General Stats
  • This quiz has been taken 306 times
  • The average score is 13 of 16
Answer Stats
Picture Hint Answer % Correct
Winnie the Pooh took over. California
98%
Star swapped for a cowboy emoji 🤠. Texas
97%
The flag is starting to multiply. Maryland
91%
Union Jack removed, pineapple pizza takes over. Hawaii
90%
Pac-Man is eating dots. Colorado
89%
Giant orange slice in the middle Florida
88%
Top half turned into rainbow stripes. Arizona
87%
Dolphin jumps out, palm tree is chilling. South Carolina
85%
Zia symbol gets replaced by two crossed peppers. New Mexico
82%
Wagon team headed west... again. Oregon
80%
Stars are gummy bears. Alaska
77%
Is there hope? Nope. Rhode Island
76%
Flower’s gone — mosquito’s in charge Mississippi
75%
Eagle looks pretty goofy now. Illinois
53%
Everything is fatter and there's food Pennsylvania
49%
Four of the same symbol, because one is never enough. Georgia
44%
No matching quizzes found
Score Distribution
Percent of People with Each Score
Percentile by Number Answered
Your Score History
You have not taken this quiz